<?xml version="1.0" encoding="UTF-8"?>
<record
    xmlns:xsi="http://www.w3.org/2001/XMLSchema-instance"
    xsi:schemaLocation="http://www.loc.gov/MARC21/slim http://www.loc.gov/standards/marcxml/schema/MARC21slim.xsd"
    xmlns="http://www.loc.gov/MARC21/slim">

  <leader>01198nam0a22002651  4500</leader>
  <controlfield tag="001">v19\rc\1849811</controlfield>
  <controlfield tag="005">20260405093425.0</controlfield>
  <datafield tag="035" ind1=" " ind2=" ">
    <subfield code="a">(NLR Aleph) 005263615</subfield>
  </datafield>
  <datafield tag="090" ind1=" " ind2=" ">
    <subfield code="a">5926531</subfield>
    <subfield code="c">5926531</subfield>
  </datafield>
  <datafield tag="100" ind1=" " ind2=" ">
    <subfield code="a">20080221d1909    |||y0rusy50      ca</subfield>
  </datafield>
  <datafield tag="101" ind1="0" ind2=" ">
    <subfield code="a">rus</subfield>
  </datafield>
  <datafield tag="102" ind1=" " ind2=" ">
    <subfield code="a">RU</subfield>
  </datafield>
  <datafield tag="105" ind1=" " ind2=" ">
    <subfield code="a">a   z   |||||</subfield>
  </datafield>
  <datafield tag="200" ind1="1" ind2=" ">
    <subfield code="a">&#x413;&#x438;&#x433;&#x438;&#x435;&#x43D;&#x430; &#x43A;&#x440;&#x430;&#x441;&#x43E;&#x442;&#x44B;</subfield>
    <subfield code="e">&#x41D;&#x435;&#x43E;&#x431;&#x445;&#x43E;&#x434;&#x438;&#x43C;&#x430;&#x44F; &#x43A;&#x43D;. &#x434;&#x43B;&#x44F; &#x436;&#x435;&#x43D;&#x449;&#x438;&#x43D;</subfield>
    <subfield code="e">&#x421;&#x43E;&#x441;&#x442;. &#x43F;&#x43E; &#x438;&#x437;&#x432;&#x435;&#x441;&#x442;&#x43D;&#x44B;&#x43C; &#x441;&#x43E;&#x447;. &#x410;. &#x414;&#x435;&#x431;&#x44D;, &#x413;. &#x41A;&#x43B;&#x435;&#x43D;&#x43A;&#x435; &#x438; &#x434;&#x440;.</subfield>
    <subfield code="e">&#x41F;&#x440;&#x438;&#x43B;.: &#x414;&#x43E;&#x43C;&#x430;&#x448;&#x43D;&#x435;&#x435; &#x43F;&#x440;&#x438;&#x433;&#x43E;&#x442;&#x43E;&#x432;&#x43B;&#x435;&#x43D;&#x438;&#x435; &#x43A;&#x43E;&#x441;&#x43C;&#x435;&#x442;&#x438;&#x447;&#x435;&#x441;&#x43A;&#x438;&#x445; &#x438; &#x442;&#x443;&#x430;&#x43B;&#x435;&#x442;&#x43D;&#x44B;&#x445; &#x43F;&#x440;&#x438;&#x43D;&#x430;&#x434;&#x43B;&#x435;&#x436;&#x43D;&#x43E;&#x441;&#x442;&#x435;&#x439;: &#x434;&#x443;&#x448;&#x438;&#x441;&#x442;&#x44B;&#x435; &#x443;&#x43C;&#x44B;&#x432;&#x430;&#x43D;&#x438;&#x44F;, &#x431;&#x43B;&#x430;&#x433;&#x43E;&#x432;&#x43E;&#x43D;&#x43D;&#x44B;&#x435; &#x43C;&#x44B;&#x43B;&#x430;, &#x43F;&#x43E;&#x43C;&#x430;&#x434;&#x44B;...</subfield>
  </datafield>
  <datafield tag="210" ind1=" " ind2=" ">
    <subfield code="a">&#x41C;&#x43E;&#x441;&#x43A;&#x432;&#x430;</subfield>
    <subfield code="c">&#x441;&#x43A;&#x43E;&#x440;&#x43E;&#x43F;&#x435;&#x447;. &#x410;.&#x410;. &#x41B;&#x435;&#x432;&#x435;&#x43D;&#x441;&#x43E;&#x43D;</subfield>
    <subfield code="d">1909</subfield>
  </datafield>
  <datafield tag="215" ind1=" " ind2=" ">
    <subfield code="a">64 &#x441;.</subfield>
    <subfield code="c">&#x438;&#x43B;.</subfield>
    <subfield code="d">22</subfield>
  </datafield>
  <datafield tag="702" ind1=" " ind2="1">
    <subfield code="4">100</subfield>
    <subfield code="8">rus</subfield>
    <subfield code="7">ca</subfield>
    <subfield code="a">&#x414;&#x435;&#x431;&#x435;</subfield>
    <subfield code="b">&#x41E;.</subfield>
    <subfield code="f">1802-1890</subfield>
    <subfield code="g">&#x41E;&#x433;&#x44E;&#x441;&#x442;</subfield>
    <subfield code="3">RU\NLR\AUTH\7734353</subfield>
    <subfield code="9">17357</subfield>
  </datafield>
  <datafield tag="702" ind1=" " ind2="1">
    <subfield code="a">&#x41A;&#x43B;&#x435;&#x43D;&#x43A;&#x435;</subfield>
    <subfield code="b">&#x413;.</subfield>
    <subfield code="f">1813-1881</subfield>
    <subfield code="g">&#x413;&#x435;&#x440;&#x43C;&#x430;&#x43D;</subfield>
    <subfield code="4">100</subfield>
  </datafield>
  <datafield tag="801" ind1=" " ind2="0">
    <subfield code="a">RU</subfield>
    <subfield code="b">NLR</subfield>
    <subfield code="c">20080221</subfield>
    <subfield code="g">psbo</subfield>
  </datafield>
  <datafield tag="801" ind1=" " ind2="0">
    <subfield code="a">RU</subfield>
    <subfield code="b">RuMoRGB</subfield>
    <subfield code="c">20080221</subfield>
    <subfield code="2">psbo</subfield>
  </datafield>
  <datafield tag="801" ind1=" " ind2="1">
    <subfield code="a">RU</subfield>
    <subfield code="b">ProSoft-M</subfield>
    <subfield code="c">20080221</subfield>
    <subfield code="2">rusmarc</subfield>
  </datafield>
  <datafield tag="801" ind1=" " ind2="2">
    <subfield code="a">RU</subfield>
    <subfield code="b">NLR</subfield>
    <subfield code="c">20121122</subfield>
    <subfield code="2">rusmarc</subfield>
  </datafield>
  <datafield tag="852" ind1=" " ind2=" ">
    <subfield code="a">NLR</subfield>
    <subfield code="j">34.87.2.195</subfield>
  </datafield>
  <datafield tag="942" ind1=" " ind2=" ">
    <subfield code="c">BOOK</subfield>
  </datafield>
  <datafield tag="980" ind1=" " ind2=" ">
    <subfield code="a">NB</subfield>
  </datafield>
  <datafield tag="995" ind1=" " ind2=" ">
    <subfield code="5">2013-10-26</subfield>
    <subfield code="b">NLR02</subfield>
    <subfield code="c">NLR02</subfield>
    <subfield code="e">RFS</subfield>
    <subfield code="f">5263615-10</subfield>
    <subfield code="k">34.87.2.195</subfield>
    <subfield code="o">0</subfield>
    <subfield code="r">BOOK</subfield>
    <subfield code="s">34872195_</subfield>
  </datafield>
</record>
